|
|
|
|
| LEADER |
03022nam a2200757 4500 |
| 001 |
ocn846847008 |
| 003 |
OCoLC |
| 005 |
20170124065921.7 |
| 006 |
m o d |
| 007 |
cr ||||||||||| |
| 008 |
130603s2013 enk ob 001 0 eng |
| 010 |
|
|
|a 2013022090
|
| 040 |
|
|
|a DLC
|b eng
|e rda
|e pn
|c DLC
|d YDX
|d IDEBK
|d N$T
|d CDX
|d DG1
|d COO
|d CUS
|d YDXCP
|d OCLCF
|d CHVBK
|d E7B
|d OCLCQ
|d D6H
|d DG1
|d GrThAP
|
| 019 |
|
|
|a 961632086
|a 962644468
|
| 020 |
|
|
|a 9781118536841
|q (ePub)
|
| 020 |
|
|
|a 1118536843
|q (ePub)
|
| 020 |
|
|
|a 9781118536858
|q (Adobe PDF)
|
| 020 |
|
|
|a 1118536851
|q (Adobe PDF)
|
| 020 |
|
|
|a 9781118536902
|q (MobiPocket)
|
| 020 |
|
|
|a 1118536908
|q (MobiPocket)
|
| 020 |
|
|
|a 9781118536834
|q (electronic bk.)
|
| 020 |
|
|
|a 1118536835
|q (electronic bk.)
|
| 020 |
|
|
|a 9781299966369
|q (MyiLibrary)
|
| 020 |
|
|
|a 1299966365
|q (MyiLibrary)
|
| 020 |
|
|
|z 9780470740279
|q (hardback)
|
| 020 |
|
|
|z 0470740272
|q (hbk.)
|
| 029 |
1 |
|
|a AU@
|b 000051392603
|
| 029 |
1 |
|
|a CHBIS
|b 010055868
|
| 029 |
1 |
|
|a CHBIS
|b 010441759
|
| 029 |
1 |
|
|a CHVBK
|b 312504039
|
| 029 |
1 |
|
|a CHVBK
|b 334087473
|
| 029 |
1 |
|
|a DEBBG
|b BV041913023
|
| 029 |
1 |
|
|a DEBBG
|b BV042793206
|
| 029 |
1 |
|
|a NZ1
|b 15341644
|
| 029 |
1 |
|
|a NZ1
|b 16231861
|
| 035 |
|
|
|a (OCoLC)846847008
|z (OCoLC)961632086
|z (OCoLC)962644468
|
| 042 |
|
|
|a pcc
|
| 050 |
0 |
0 |
|a RD686
|
| 072 |
|
7 |
|a MED
|x 085000
|2 bisacsh
|
| 082 |
0 |
0 |
|a 617.5/80592
|2 23
|
| 084 |
|
|
|a TEC006000
|2 bisacsh
|
| 049 |
|
|
|a MAIN
|
| 100 |
1 |
|
|a McGeough, J. A.
|q (Joseph A.),
|d 1940-
|e author.
|
| 245 |
1 |
4 |
|a The engineering of human joint replacements /
|c by Joseph McGeough, the Univeristy of Edinburgh, UK.
|
| 264 |
|
1 |
|a Chichester, West Sussex, UK :
|b Wiley,
|c 2013.
|
| 300 |
|
|
|a 1 online resource.
|
| 336 |
|
|
|a text
|b txt
|2 rdacontent
|
| 337 |
|
|
|a computer
|b c
|2 rdamedia
|
| 338 |
|
|
|a online resource
|b cr
|2 rdacarrier
|
| 500 |
|
|
|a "Includes an anatomy of the human skeleton: bone, tissue ligament, muscle and cartilage, in order to provide the engineering student with the medical context required"--Provided by publisher.
|
| 504 |
|
|
|a Includes bibliographical references and index.
|
| 588 |
0 |
|
|a Print version record and CIP data provided by publisher.
|
| 650 |
|
0 |
|a Artificial joints.
|
| 650 |
|
0 |
|a Arthroplasty.
|
| 650 |
|
0 |
|a Biomedical engineering.
|
| 650 |
|
7 |
|a TECHNOLOGY & ENGINEERING
|x Drafting & Mechanical Drawing.
|2 bisacsh
|
| 650 |
|
7 |
|a Arthroplasty.
|2 fast
|0 (OCoLC)fst00817131
|
| 650 |
|
7 |
|a Artificial joints.
|2 fast
|0 (OCoLC)fst00817285
|
| 650 |
|
7 |
|a Biomedical engineering.
|2 fast
|0 (OCoLC)fst00832568
|
| 650 |
|
2 |
|a Arthroplasty, Replacement.
|
| 650 |
|
2 |
|a Biomedical Engineering.
|
| 655 |
|
4 |
|a Electronic books.
|
| 655 |
|
0 |
|a Electronic books.
|
| 776 |
0 |
8 |
|i Print version:
|a McGeough, J.A. (Joseph A.), 1940- author.
|t Engineering of human joint replacements.
|b 1.
|d Chichester, West Sussex, United Kingdom : John Wiley & Sons Inc., 2013
|z 9780470740279
|w (DLC) 2013020062
|
| 856 |
4 |
0 |
|u https://doi.org/10.1002/9781118536834
|z Full Text via HEAL-Link
|
| 994 |
|
|
|a 92
|b DG1
|